| 000 | 00379nam a2200157Ia 4500 | ||
|---|---|---|---|
| 008 | 231217s9999 xx 000 0 und d | ||
| 041 | _aEnglish | ||
| 082 | _a621.3811 KUO;15 | ||
| 100 | _aKuo, Benjamin C | ||
| 245 | 0 | _aAutomatic control systems | |
| 250 | _a5th ed. | ||
| 260 |
_c1990 _bNew Delhi : PHI, |
||
| 300 | _axiv+720 | ||
| 650 | _aControl system | ||
| 942 | _cAA | ||
| 999 |
_c161781 _d161781 |
||